000
00315nam a22001217a 4500
008
221003b |||||||| |||| 00| 0 eng d
020
_a
9789993680994
082
_a
920 DRA
245
_a
The Melody of the Great Dharma Cloud
260
_a
Thimphu :
_b
Zhung Dratshang,
_c
2022.
300
_a
457 p.
_c
23 cm.
942
_2
ddc
999
_c
9151
_d
9152